000 00632nam a2200241Ia 4500
003 OSt
005 20221007100447.0
006 a|||||r|||| 00| 0
007 ta
008 221006b |||||||| |||| 00| 0 eng d
024 _a4,439
037 _cTextual
040 _aLCO
_cLCO
_beng
041 _2eng
_aeng
082 _aV2:1-57, M1
100 _aKARKHANIS S
_9701723
245 0 _aIndian politics and the role of the press
260 _aNew
_bDelhi Vikas Pub.
_c1981
300 _a216
650 _aROLE OF THE PRESS
_9701724
942 _hV2:1-57, M1
_cTEXL
999 _c1174002
_d1174002